Delegacions del Govern de la Generalitat de Catalunya a l'exterior - Statistics

General Stats
  • This quiz has been taken 9 times
  • The average score is 13 of 21
Answer Stats
Continent Ciutat % Correct
Europa Berlín
100%
Europa Londres
100%
Europa París
100%
Amèrica Buenos Aires
86%
Europa Lisboa
86%
Europa Roma
86%
Amèrica Washington DC
86%
Europa Brussel·les
71%
Amèrica Ciutat de Mèxic
71%
Àsia Seül
71%
Àsia Tòquio
71%
Amèrica Bogotà
57%
Àfrica Johannesburg
57%
Àfrica Tunis
57%
Europa Andorra la Vella
43%
Europa Estocolm
43%
Europa Ginebra
43%
Amèrica Rio de Janeiro
43%
Europa Viena
29%
Àfrica Dakar
14%
Europa Zagreb
14%
No matching quizzes found
Score Distribution
Percent of People with Each Score
Percentile by Number Answered
Your Score History
You have not taken this quiz